Normal view
MARC view
- الاردن - تاريخ -صاحب الجلالة الهاشمية االملك عبدالله الثاني ابن الحسين - خطابات
Entry Topical Term
001 - CONTROL NUMBER
- control field: 53392
003 - CONTROL NUMBER IDENTIFIER
- control field: JO-AjAnu
005 - DATE AND TIME OF LATEST TRANSACTION
- control field: 20230606082753.0
008 - FIXED-LENGTH DATA ELEMENTS
- fixed length control field: 230606|| aca||aabn | a|a d
040 ## - CATALOGING SOURCE
- Original cataloging agency: JO-AjAnu
- Transcribing agency: JO-AjAnu
150 ## - HEADING--TOPICAL TERM
- Topical term or geographic name entry element: الاردن - تاريخ -صاحب الجلالة الهاشمية االملك عبدالله الثاني ابن الحسين - خطابات
670 ## - SOURCE DATA FOUND
- Source citation: Work cat.: (JO-AjAnu)27276: عبدالله بن الحسين الثاني، ملك الأردن، 1999؛ اشراف الديوان الملكي الهاشمي؛ إعداد وتحرير بكر خازر المجالي؛ المتابعة والتنسيق منتهى قبلان العبداللات، المتابعة والتنسيق جنان زكي أبو زياد, author 53391, خطب العرش السامي لصاحب الجلالة الهاشمية الملك عبدالله الثاني ابن الحسين المعظم 1420-1436 هجري/1999-2014 م، الجزء الثالث